[Event "HCL-C4205"]
[Site "www.playchess.de"]
[Date "2006.03.12"]
[Round "4"]
[White "patzer55"]
[Black "foxcar"]
[WhiteElo "1482"]
[BlackElo "1222"]
[PlyCount "56"]
[Result "0-1"]

1.e4 e5 {hi}  2.Nf3 Nc6 3.Bb5 {hi}  a6 4.Ba4 b5 
5.Bb3 Bc5 6.O-O d6 7.d3 Bg4 8.Bd5 Nge7 9.Bxf7+ 
Kxf7 10.Ng5+ Ke8 {nice one!}  11.Qxg4 Nd4 12.Ne6 
Qc8 13.Nxg7+ Kf7 14.Qh5+ Ng6 15.Bh6 Rg8 16.Nd2 
Rxg7 17.Bxg7 Kxg7 18.c3 Ne6 19.g3 Qf8 20.Qf5 Qe7 
21.Qg4 Rf8 22.Kg2 b4 23.h4 h5 24.Qd1 bxc3 25.bxc3 
Nef4+ 26.gxf4 Nxf4+ 27.Kg3 Qe6 28.Rh1 
Qg6+ 0-1

[Event "HCL-C4083"]
[Site "www.playchess.de"]
[Date "2006.03.12"]
[Round "20"]
[White "janhsen"]
[Black "Thrustnicely"]
[WhiteElo "800"]
[BlackElo "954"]
[PlyCount "53"]
[Result "1-0"]

1.e4 e5 2.Nf3 f6 3.Bc4 Nh6 4.O-O c6 5.d4 b5 6.Nxe5 
bxc4 7.Qh5+ g6 8.Nxg6 Rg8 9.Nxf8+ Ke7 10.Bxh6 d6 
11.e5 Rxf8 12.exf6+ Rxf6 13.Qg5 Nd7 14.Re1+ Ne5 
15.dxe5 dxe5 16.Rxe5+ Be6 17.Nc3 Qd4 18.Ne4 Qxb2 
19.Qxf6+ Kd7 20.Nc5+ Kc7 21.Nxe6+ Kb6 22.Be3+ Kb7 
23.Nc5+ Kc8 24.Re8+ Kc7 25.Qe7+ Kb6 26.Na4+ Ka5 
27.Nxb2 1-0

[Event "HCL-E1589"]
[Site "www.playchess.de"]
[Date "2006.03.12"]
[Round "1"]
[White "Siggi"]
[Black "hakam_kilani"]
[WhiteElo "1924"]
[BlackElo "1689"]
[PlyCount "43"]
[Result "1-0"]

1.d4 Nf6 2.c4 {lets enjoy the game}  d5 3.e3 Bg4 
4.Qb3 b6 5.Nc3 c6 6.cxd5 Nxd5 7.Be2 Bxe2 8.Ngxe2 
e6 9.e4 Nxc3 10.Qxc3 Qh4 11.Bf4 c5 12.O-O Nd7 
13.dxc5 Nxc5 14.b4 Nd7 15.Rfd1 Qf6 16.Qc6 Rd8 
17.Bc7 Bxb4 18.e5 Qe7 19.Bxd8 Qxd8 20.Rd3 Ke7 
21.Rad1 Nxe5 22.Qb7+ 1-0

[Event "ACL-M065"]
[Site "www.playchess.de"]
[Date "2006.03.12"]
[Round "21"]
[White "Lullo"]
[Black "Relic"]
[WhiteElo "2171"]
[BlackElo "2129"]
[PlyCount "85"]
[Result "1/2-1/2"]

1.d4 {Hi, have a nice game}  Nf6 {GL!}  2.Nf3 d5 
3.c4 e6 4.Nc3 Be7 5.Bf4 O-O 6.e3 c5 7.dxc5 Bxc5 
8.a3 Nc6 9.Qc2 Qa5 10.Nd2 Be7 11.Rd1 e5 12.Bg5 d4 
13.Nb3 Qd8 14.Be2 a5 15.Na4 g6 16.exd4 Bf5 17.Qc1 
Nxd4 18.Nxd4 exd4 19.O-O Rc8 20.Nc3 Re8 21.h3 Qb6 
22.Nb5 Bc5 23.Bd3 Bxd3 24.Rxd3 Nd7 25.Bf4 Ne5 
26.Rd2 Qf6 27.Bxe5 Qxe5 28.b3 Rcd8 29.Rd3 Bd6 
30.g3 Qf5 31.Qd2 Qxh3 32.Nxd6 Rxd6 33.Rxd4 Rxd4 
34.Qxd4 Qf5 35.Kg2 h5 36.Rc1 Re5 37.b4 Re2 38.b5 
Qg5 39.Rc3 Rd2 40.Rd3 Rxd3 41.Qxd3 h4 42.Qe3 Qd8 
43.Qe4 {(offering draw)}  1/2-1/2

[Event "HCL-B3917"]
[Site "www.playchess.de"]
[Date "2006.03.12"]
[Round "10"]
[White "Innessa"]
[Black "pirracas"]
[WhiteElo "964"]
[BlackElo "1473"]
[PlyCount "37"]
[Result "1-0"]

1.e4 {Hi ! Good luck !}  b6 2.d4 Bb7 3.d5 Nf6 
4.Bg5 Nxe4 5.Qf3 Nxg5 6.Qf4 e6 7.Be2 Bxd5 8.Nf3 
Nxf3+ 9.Bxf3 Bxf3 10.Qxf3 Nc6 11.O-O Qf6 12.Qg3 
Qxb2 13.Nd2 Qxc2 14.Nf3 d6 15.Rac1 Qa4 16.Ng5 Nd4 
17.Qg4 e5 18.Rxc7 Qxa2 19.Qd7+ 1-0

[Event "HCL-E1559"]
[Site "www.playchess.de"]
[Date "2006.03.12"]
[Round "1"]
[White "One_i"]
[Black "Matu"]
[WhiteElo "1705"]
[BlackElo "1564"]
[PlyCount "62"]
[Result "1/2-1/2"]

1.d4 {Hi, have a good game.}  Nf6 {hi and good 
luck}  2.f4 {Hi, have a good game.}  e6 3.Nf3 d5 
4.e3 Bd6 5.Nbd2 Nbd7 6.Bd3 O-O 7.O-O c5 8.Ne5 c4 
9.Be2 b5 10.a3 Bb7 11.c3 a5 12.Bg4 Nxg4 13.Qxg4 f5 
14.Qh3 Nf6 15.Ndf3 Ne4 16.Kh1 g6 17.Qh6 Qe8 18.Bd2 
Bxe5 19.fxe5 Qe7 20.Be1 Qg7 21.Qh3 g5 22.Nd2 h6 
23.Nxe4 dxe4 24.Bd2 Bd5 25.Rf2 Qg6 26.Raf1 Kg7 
27.Kg1 h5 28.g3 Rfh8 29.Qg2 g4 30.Be1 Qg5 31.R2f4 
a4 {(offering draw)}  1/2-1/2

[Event "HCL-E1546"]
[Site "www.playchess.de"]
[Date "2006.03.12"]
[Round "24"]
[White "XANDERKIRV"]
[Black "Marius_sah"]
[WhiteElo "1472"]
[BlackElo "1683"]
[PlyCount "25"]
[Result "1-0"]

1.e4 e5 {Hi. Good luck!}  2.Nf3 {Hello,GL.}  Nc6 
3.Bb5 a6 4.Ba4 Nf6 5.d3 d6 6.h3 Be7 7.c3 O-O 8.O-O 
b5 9.Bc2 Bb7 10.Ne1 h6 11.f4 d5 12.f5 dxe4 
13.dxe4 1-0

[Event "HCL-T258"]
[Site "www.playchess.de"]
[Date "2006.03.12"]
[Round "14"]
[White "Goofy"]
[Black "stevetilbury"]
[WhiteElo "2000"]
[BlackElo "1562"]
[PlyCount "97"]
[Result "1-0"]

1.b4 g6 2.Bb2 Nf6 3.e4 Bg7 4.c4 d6 5.Be2 O-O 6.d3 
c6 7.Nf3 Nbd7 8.O-O b5 9.Nbd2 Bb7 10.Nd4 a6 11.Kh1 
e5 12.N4b3 Rb8 13.Na5 Ba8 14.a3 c5 15.Bc3 cxb4 
16.axb4 bxc4 17.Naxc4 d5 18.Nxe5 Nxe5 19.Bxe5 Rxb4 
20.Rxa6 dxe4 21.Rd6 Qe7 22.Qa1 exd3 23.Bxd3 Ne8 
24.Bxg7 Nxg7 25.Rd4 Rxd4 26.Qxd4 Rd8 {(offering 
draw)}  27.Qc3 Nh5 28.Bc4 Rxd2 29.Qxd2 Qe4 
30.Bxf7+ Kxf7 31.f3 Qd5 32.Qh6 Nf6 33.Rc1 Qb7 
34.Qf4 Qb6 35.h4 Bd5 36.Rc7+ Kg8 37.Rc8+ Kg7 
38.Rb8 Qa5 39.Qe5 Qc5 40.Rb7+ Kg8 41.Re7 Qb6 42.h5 
Bxf3 43.gxf3 Qb1+ 44.Kg2 Qc2+ 45.Kh3 Qf5+ 46.Qxf5 
gxf5 47.h6 Kf8 48.Ra7 Kg8 49.Kh4 1-0

[Event "HCL-C4207"]
[Site "www.playchess.de"]
[Date "2006.03.12"]
[Round "5"]
[White "udion"]
[Black "joffly"]
[WhiteElo "800"]
[BlackElo "900"]
[PlyCount "64"]
[Result "0-1"]

1.e4 {good luck}  e5 {ok}  2.Bd3 d5 3.Nf3 Nc6 
4.O-O Bg4 5.exd5 Qxd5 6.Nc3 Bxf3 7.Qxf3 Qxf3 
8.gxf3 O-O-O 9.b3 Bc5 10.Bb2 f6 11.Ne4 Bb6 12.Ba3 
f5 13.Ng5 Bd4 14.Rae1 Nh6 15.c3 Bb6 16.Ne6 Rxd3 
17.Re2 Rxf3 18.Ng5 Rf4 19.Nh3 Rg4+ 20.Kh1 e4 21.f3 
Rh4 22.Ng5 Re8 23.Nxh7 Rf4 24.Rg2 Ng4 25.Ng5 Rh8 
26.h3 Nce5 27.d4 Nxf3 28.Bc1 e3 29.Rxf3 Rxf3 
30.Nxf3 Rxh3+ 31.Kg1 Rxf3 32.c4 
Bxd4 0-1

[Event "HCL-B3941"]
[Site "www.playchess.de"]
[Date "2006.03.12"]
[Round "4"]
[White "Coffeehouse"]
[Black "Nutjob"]
[WhiteElo "1500"]
[BlackElo "1618"]
[PlyCount "25"]
[Result "1-0"]

1.e4 e5 {Greetings from Tennessee, I wish you a 
good game!}  2.f4 {Hello! Good game!}  exf4 3.Nf3 
Be7 4.Bc4 Bh4+ 5.Kf1 d6 6.d4 Bg4 7.Nc3 Nc6 8.Bxf4 
Qd7 9.d5 Bxf3 10.dxc6 Qxc6 11.Qd4 Bf6 12.Qd3 Bxc3 
13.Bb5 1-0

[Event "HCL-T266"]
[Site "www.playchess.de"]
[Date "2006.03.12"]
[Round "14"]
[White "daveboy6968"]
[Black "ksterleu"]
[WhiteElo "940"]
[BlackElo "1553"]
[PlyCount "66"]
[Result "0-1"]

1.e4 e6 2.d4 d5 3.Nc3 Bb4 4.e5 c5 5.Qd2 
{hello+good luck :-)}  cxd4 {hI!}  6.Qxd4 {:-)}  
Nc6 7.Bb5 Qa5 8.Bxc6+ bxc6 9.a3 c5 10.Qd2 Bxc3 
11.bxc3 Ne7 12.Bb2 Ba6 13.Nf3 Rb8 14.Bc1 Bc4 
15.Bb2 Rxb2 16.Kd1 O-O 17.Re1 Rfb8 18.Qc1 Qxc3 
19.Re3 Qa5 20.Nd2 Nf5 21.Re1 Nd4 22.Nxc4 dxc4 
23.Re3 Rxc2 24.Qxc2 Nxc2 25.Kxc2 g6 26.Rc3 Qb5 
27.Rc1 Qb2+ 28.Kd1 Rd8+ 29.Ke1 Rd2 30.R3xc4 Re2+ 
31.Kf1 Rxf2+ 32.Kg1 Rxg2+ 33.Kf1 
Qf2+ 0-1

[Event "HCL-E1546"]
[Site "www.playchess.de"]
[Date "2006.03.12"]
[Round "36"]
[White "Marius_sah"]
[Black "Harijs"]
[WhiteElo "1683"]
[BlackElo "1832"]
[PlyCount "30"]
[Result "0-1"]

1.e4 {Hi. Good luck!}  e5 {Hello from Latvia! Good 
luck!}  2.Nf3 Nf6 3.Nxe5 d6 4.Nf3 Nxe4 5.d4 d5 
6.Bd3 Nc6 7.O-O Bb4 8.c3 Be7 9.Re1 O-O 10.Bxe4 
dxe4 11.Rxe4 Be6 12.Bf4 g5 13.Bg3 Qd7 14.Qd2 Bf5 
15.Re1 f6 0-1

[Event "HCL-T266"]
[Site "www.playchess.de"]
[Date "2006.03.12"]
[Round "23"]
[White "wbaldan"]
[Black "Idris"]
[WhiteElo "1700"]
[BlackElo "844"]
[PlyCount "63"]
[Result "1-0"]

1.e4 e6 2.d4 d5 3.Nc3 Bb4 4.e5 c5 5.a3 Bxc3+ 
6.bxc3 c4 7.Qg4 g6 8.h4 Ne7 9.Ne2 O-O 10.Bh6 Re8 
11.h5 Nf5 12.hxg6 fxg6 13.Nf4 Qa5 14.Kd2 Nc6 
15.Nxg6 Kf7 16.Nh4 Ke7 17.Nxf5+ Kd7 18.Qg7+ Ne7 
19.Nd6 Rg8 20.Qf7 b5 21.Bf8 Qd8 22.Bxe7 Qxe7 
23.Qxg8 Bb7 24.Qxh7 Qxh7 25.Rxh7+ Kc6 26.Rxb7 a5 
27.Rxb5 Kd7 28.Rab1 Ke7 29.R5b7+ Kf8 30.Rf7+ Kg8 
31.Rbb7 Rf8 32.Rfg7+ 1-0

[Event "HCL-E1573"]
[Site "www.playchess.de"]
[Date "2006.03.12"]
[Round "18"]
[White "yannick"]
[Black "Hassell"]
[WhiteElo "1532"]
[BlackElo "2197"]
[PlyCount "56"]
[Result "0-1"]

1.e4 c5 2.Nf3 d6 3.d4 cxd4 4.Nxd4 Nf6 5.Nc3 a6 
6.f4 e6 7.Qf3 Qc7 8.Be3 b5 9.O-O-O Bb7 10.Ndxb5 
axb5 11.Nxb5 Qa5 12.Nc3 Nbd7 13.Bb5 Be7 14.Qg3 
Nxe4 15.Nxe4 Qxb5 16.Qxg7 Rf8 17.Nc3 Qf5 18.g4 Qa5 
19.Rhe1 Bf6 20.Qxh7 Bxc3 21.bxc3 Nf6 22.Qg7 Ne4 
23.c4 Nc3 24.a4 Qb4 25.Rd3 Na2+ 26.Kd1 Bf3+ 27.Re2 
Qb1+ 28.Kd2 Qc1+ 0-1

[Event "HCL-C4169"]
[Site "www.playchess.de"]
[Date "2006.03.12"]
[Round "10"]
[White "filcexez"]
[Black "dg"]
[WhiteElo "1162"]
[BlackElo "1211"]
[PlyCount "60"]
[Result "1/2-1/2"]

1.e4 e5 2.Nf3 d6 3.Bc4 h6 4.c3 Nf6 5.O-O Bg4 6.d3 
Nc6 7.Bb3 Bxf3 8.Qxf3 g5 9.Nd2 a6 10.Qf5 Be7 
11.Re1 Qd7 12.Qf3 Rf8 13.Bd1 g4 14.Qe3 h5 15.Nc4 
d5 16.exd5 Qxd5 17.Nxe5 Nxe5 18.Qxe5 Qxe5 19.Rxe5 
Rd8 20.Bc2 Rd6 21.Bh6 Rg8 22.Bd2 Re6 23.Rxe6 fxe6 
24.Re1 Kf7 25.Bb3 Nd5 26.c4 Nf6 27.Bf4 c5 28.Bc2 
h4 29.g3 h3 30.Rd1 Rd8 {(offering draw)} 
 1/2-1/2

[Event "HCL-B3938"]
[Site "www.playchess.de"]
[Date "2006.03.12"]
[Round "2"]
[White "chn"]
[Black "Ivan_Lacerda"]
[WhiteElo "1201"]
[BlackElo "1278"]
[PlyCount "37"]
[Result "1-0"]

1.e4 c5 2.Bc4 e6 3.b3 d5 4.exd5 exd5 5.Qe2+ Be6 
6.Bb5+ Nc6 7.Nf3 a6 8.Bxc6+ bxc6 9.Nc3 Qe7 10.d4 
Bg4 11.Qxe7+ Bxe7 12.Ne5 cxd4 13.Na4 Bb4+ 14.Bd2 
Bxd2+ 15.Kxd2 Nf6 16.Nxg4 Nxg4 17.Rae1+ Kf8 18.Nb6 
Re8 19.Nd7+ 1-0

[Event "HCL-A2613"]
[Site "www.playchess.de"]
[Date "2006.03.12"]
[Round "8"]
[White "BR_Hort"]
[Black "TyrTRR"]
[WhiteElo "1700"]
[BlackElo "1734"]
[PlyCount "53"]
[Result "1/2-1/2"]

1.d4 {hi}  Nf6 {hello, nice to meet you, good luck 
in our game =)}  2.c4 g6 3.Nc3 Bg7 4.g3 d5 5.cxd5 
Nxd5 6.Bg2 Nxc3 7.bxc3 c5 8.e3 Qa5 9.Ne2 cxd4 
10.exd4 Nc6 11.O-O O-O 12.a4 Bg4 13.Ba3 Bxe2 
14.Qxe2 Qxc3 15.d5 Qe5 16.Qxe5 Nxe5 17.Bxe7 Rfe8 
18.d6 Bf8 19.Bxf8 Kxf8 20.Rac1 Rad8 21.Rfd1 Re6 
22.Rc7 Rexd6 23.Rxd6 Rxd6 24.Rxb7 Rd1+ 25.Bf1 Nf3+ 
26.Kg2 Ne1+ 27.Kg1 {(offering draw)} 
 1/2-1/2

[Event "HCL-C4190"]
[Site "www.playchess.de"]
[Date "2006.03.13"]
[Round "24"]
[White "Skipper_Robert"]
[Black "aussie"]
[WhiteElo "963"]
[BlackElo "1064"]
[PlyCount "98"]
[Result "0-1"]

1.e4 c5 2.Nc3 Nc6 3.Bc4 e5 4.d3 h6 5.Nf3 Nf6 6.h3 
a6 7.a3 b5 8.Bd5 Nxd5 9.Nxd5 Be7 10.O-O O-O 11.Be3 
Bb7 12.c3 c4 13.dxc4 bxc4 14.b3 Na5 15.bxc4 Nxc4 
16.Rb1 Bxd5 17.exd5 Qa5 18.Qc1 Bxa3 19.Qd1 Qxc3 
20.Re1 e4 21.Nd2 Nb2 22.Qg4 f5 23.Qg6 Rf6 24.Qg3 
Bd6 25.Bf4 Qxg3 26.fxg3 Nd3 27.Ref1 Bxf4 28.gxf4 
a5 29.Rba1 Nb4 30.Nc4 Nxd5 31.Nxa5 Rfa6 32.Nb3 Nb4 
33.Kh2 Rc8 34.Nd4 g6 35.h4 Rxa1 36.Rxa1 Nd3 37.Ra6 
Kg7 38.g3 Re8 39.Ra7 e3 40.Rxd7+ Kg8 41.Ne2 Nf2 
42.Rd6 Ng4+ 43.Kg2 Kg7 44.Rd7+ Kf6 45.Rd6+ Re6 
46.Rd3 g5 47.Kh3 Nf2+ 48.Kg2 Nxd3 49.Nd4 
e2 0-1

[Event "HCL-B3886"]
[Site "www.playchess.de"]
[Date "2006.03.13"]
[Round "2"]
[White "Korto"]
[Black "Sarek7"]
[WhiteElo "1223"]
[BlackElo "1161"]
[PlyCount "43"]
[Result "1-0"]

1.d4 e6 2.c4 d5 3.e3 c6 4.Nf3 Nd7 5.Nc3 Ngf6 6.c5 
Be7 7.Bd3 O-O 8.O-O b6 9.b4 bxc5 10.dxc5 a5 11.b5 
cxb5 12.c6 Nb8 13.Bxb5 Qb6 14.Ne5 Na6 15.Nd7 Qd8 
16.Nxf8 Bxf8 17.e4 Nc7 18.Bg5 Be7 19.e5 Nxb5 
20.exf6 Bxf6 21.Bxf6 Nxc3 22.Bxd8 1-0

[Event "HCL-E1579"]
[Site "www.playchess.de"]
[Date "2006.03.13"]
[Round "4"]
[White "Maccdavid"]
[Black "Curtis"]
[WhiteElo "1597"]
[BlackElo "1422"]
[PlyCount "53"]
[Result "1-0"]

1.e4 {Hi and good luck.}  e5 {Hello and good luck 
to you also.}  2.Nf3 d6 3.d4 Nd7 4.dxe5 dxe5 5.Bc4 
h6 6.Bxf7+ Kxf7 7.Nxe5+ Kf6 8.Qd4 Bd6 9.Nxd7+ Kg6 
10.Ne5+ Kh7 11.Nf7 Qe7 12.Nxh8 Kxh8 13.Nc3 b6 
14.Nd5 Qf7 15.O-O Bb7 16.c4 c5 17.Qc3 Re8 18.Re1 
Kh7 19.e5 Bxd5 20.cxd5 Bc7 21.d6 Bd8 22.Qd3+ g6 
23.Bd2 Re6 24.f4 Qf5 25.Qf3 Kg7 26.Bc3 a5 
27.g4 1-0

[Event "HCL-B3941"]
[Site "www.playchess.de"]
[Date "2006.03.13"]
[Round "1"]
[White "Coffeehouse"]
[Black "Coolslim"]
[WhiteElo "1500"]
[BlackElo "1200"]
[PlyCount "21"]
[Result "1-0"]

1.e4 e5 2.f4 d6 3.Nf3 Bg4 4.h3 Bxf3 5.Qxf3 Qh4+ 
6.g3 Qf6 7.Nc3 exf4 8.Nd5 Qd4 9.c3 Qe5 10.gxf4 Qe6 
11.Nxc7+ 1-0

[Event "HCL-E1546"]
[Site "www.playchess.de"]
[Date "2006.03.13"]
[Round "28"]
[White "Coolhandluke"]
[Black "Marius_sah"]
[WhiteElo "1491"]
[BlackElo "1683"]
[PlyCount "25"]
[Result "1-0"]

1.d4 {Looking forward to an interesting game. Good 
luck!}  d5 {Hi. Good luck!}  2.c4 c6 3.Nf3 Nf6 
4.Nc3 Bf5 5.cxd5 cxd5 6.Qb3 Qb6 7.Nxd5 Qxb3 
8.Nxf6+ exf6 9.axb3 Nc6 10.e3 Bb4+ 11.Bd2 Bxd2+ 
12.Nxd2 O-O 13.Bc4 1-0

[Event "HCL-M860"]
[Site "www.playchess.de"]
[Date "2006.03.13"]
[Round "6"]
[White "Derek"]
[Black "papuan"]
[WhiteElo "2085"]
[BlackElo "2312"]
[PlyCount "109"]
[Result "1-0"]

1.e4 c5 2.Nf3 Nc6 3.Bb5 e6 4.Bxc6 bxc6 5.d3 Ne7 
6.Qe2 Ng6 7.h4 Qc7 8.h5 Nf4 9.Qf1 e5 10.Bxf4 exf4 
11.Qe2 Be7 12.Nc3 O-O 13.Qd2 Rb8 14.Rb1 Bf6 15.O-O 
h6 16.Rfe1 Re8 17.Na4 d5 18.Nxc5 Rxb2 19.Rxb2 Bxb2 
20.exd5 Rd8 21.d4 cxd5 22.Ne5 Ba3 23.Qxf4 f6 
24.Ng6 Qxf4 25.Nxf4 Kf7 26.Rb1 Rd6 27.Nfd3 Bxc5 
28.Nxc5 Rc6 29.f3 Rc7 30.Kf2 g6 31.hxg6+ Kxg6 
32.g3 Bf5 33.Rc1 Bc8 34.Ke3 h5 35.c4 dxc4 36.Rxc4 
Be6 37.Ra4 Bd5 38.Nd3 Re7+ 39.Kf2 Bf7 40.Nf4+ Kg5 
41.Ra5+ f5 42.Ra6 h4 43.Nh3+ Kh5 44.gxh4 Kxh4 
45.Rh6+ Bh5 46.d5 Rb7 47.Ke3 Rb6 48.Rxb6 axb6 
49.d6 Be8 50.Kf4 Kxh3 51.Kxf5 Kg3 52.Ke6 b5 53.d7 
Bxd7+ 54.Kxd7 Kxf3 55.Kc6 1-0

[Event "HCL-M860"]
[Site "www.playchess.de"]
[Date "2006.03.13"]
[Round "10"]
[White "papuan"]
[Black "ipakris"]
[WhiteElo "2312"]
[BlackElo "2248"]
[PlyCount "122"]
[Result "1/2-1/2"]

1.d4 d5 2.c4 c6 3.Nf3 Nf6 4.Nc3 a6 5.c5 Nbd7 6.Bf4 
Nh5 7.Bd2 Nhf6 8.Qc2 e5 9.dxe5 Ng4 10.Na4 Qe7 
11.Bg5 Qe6 12.Bf4 b5 13.cxb6 Bb4+ 14.Bd2 Bxd2+ 
15.Qxd2 O-O 16.e3 Ngxe5 17.Nxe5 Nxe5 18.Nc5 Qe7 
19.Qd4 Rb8 20.Bxa6 Bxa6 21.Nxa6 c5 22.Nxc5 Qxc5 
23.Qxe5 Qa5+ 24.Qc3 Qa6 25.Qa3 Qb5 26.Rc1 Rxb6 
27.b3 Ra6 28.Qc5 Qxc5 29.Rxc5 Rxa2 30.O-O Rb2 
31.Rb5 Rc8 32.g4 g6 33.Rxd5 Rxb3 34.Rfd1 Rc2 
35.R1d4 Rbb2 36.Rf4 Rcd2 37.Ra5 Rb7 38.Kg2 Kg7 
39.Ra6 Rd5 40.h4 h6 41.Raf6 Rdb5 42.Kg3 Rc5 43.Rd6 
Ra5 44.Rfd4 Rb2 45.R6d7 g5 46.R4d2 Rxd2 47.Rxd2 h5 
48.gxh5 Kh6 49.e4 gxh4+ 50.Kxh4 Rxh5+ 51.Kg4 f5+ 
52.exf5 Rh1 53.Rd6+ Kg7 54.Kg5 Rg1+ 55.Kf4 Ra1 
56.Rb6 Rc1 57.f3 Rh1 58.Re6 Ra1 59.Kg5 Kf7 60.Rb6 
Rg1+ 61.Kf4 Rh1 {(offering draw)} 
 1/2-1/2

[Event "HCL-M894"]
[Site "www.playchess.de"]
[Date "2006.03.13"]
[Round "1"]
[White "temple"]
[Black "dorge"]
[WhiteElo "1731"]
[BlackElo "2014"]
[PlyCount "56"]
[Result "0-1"]

1.d4 {Hello from Canada,good luck.}  g6 {thanks 
and the same to yourself}  2.c4 d6 3.Nc3 Nd7 4.e4 
e5 5.d5 Bg7 6.Bd3 Nc5 7.Bc2 Ne7 8.Nge2 O-O 9.O-O 
f5 10.f4 exf4 11.Bxf4 fxe4 12.Rb1 Bf5 13.h3 Qd7 
14.Kh2 Rae8 15.Ng3 Bxc3 16.bxc3 c6 17.dxc6 Qxc6 
18.Qxd6 Rf7 19.Rfd1 e3 {this is going to get messy 
:))}  20.Bxf5 Nxf5 {ok lets put more pressure on 
your lady and see which way she jumps ;)}  21.Qxc6 
{OK}  bxc6 {well at least that made my move easier 
:))}  22.Ne2 Ne4 23.g4 g5 24.Rb8 Rxb8 25.Bxb8 Nh4 
26.Bg3 Nxg3 27.Nxg3 Rf2+ 28.Kh1 
Nf3 0-1

[Event "HCL-A2505"]
[Site "www.playchess.de"]
[Date "2006.03.13"]
[Round "24"]
[White "saemi"]
[Black "Marius_sah"]
[WhiteElo "1661"]
[BlackElo "1406"]
[PlyCount "45"]
[Result "1-0"]

1.e4 {Hi, again.}  e5 {Hi. Good luck!}  2.Nf3 Nc6 
3.Bc4 Bc5 4.b4 Bxb4 5.c3 Be7 6.d4 Na5 7.Bxf7+ Kxf7 
8.Nxe5+ Kf8 9.Qh5 Qe8 10.Qf5+ Nf6 11.Ng4 d5 
12.Nxf6 Bxf6 13.Ba3+ Kf7 14.Qxd5+ Qe6 15.Qxa5 
Qxe4+ 16.Kd2 b6 17.Qb5 Qxg2 18.Qf1 Bg5+ 19.Kc2 
Bf5+ 20.Kb3 Qe4 21.Qd1 a5 22.Bc1 Qd5+ 
23.Kb2 1-0

[Event "HCL-B3808"]
[Site "www.playchess.de"]
[Date "2006.03.13"]
[Round "18"]
[White "JuliusCaesar"]
[Black "The_Iceman75"]
[WhiteElo "1158"]
[BlackElo "1473"]
[PlyCount "92"]
[Result "0-1"]

1.e4 {Good luck!}  e6 {Good luck to you from 
hamburg / germany}  2.Nf3 d5 3.exd5 exd5 4.d4 Bd6 
5.Nc3 c6 6.h3 Bf5 7.a3 Nd7 8.Bd3 Bxd3 9.Qxd3 Qc7 
10.O-O O-O-O 11.Re1 Ngf6 12.Bg5 Rde8 13.Rxe8+ Rxe8 
14.Qf5 Kb8 15.Bxf6 Nxf6 16.Kf1 Qb6 17.Rb1 Re7 
18.Ng5 Qxd4 19.Nxh7 Bc5 20.Nxf6 gxf6 21.Rd1 Qe5 
22.Qxe5+ {(offering draw)}  fxe5 23.f3 f5 24.Ne2 
Kc7 25.b4 Bd6 26.Re1 f4 27.Kf2 Rg7 28.c3 Be7 
29.Rg1 Kb6 30.Ke1 Bh4+ 31.Kd2 Kb5 32.Kc2 Bf2 
33.Rd1 Rxg2 34.Kb3 Be3 35.Nc1 Bxc1 36.Rxc1 Rh2 
37.Re1 Rxh3 38.Rxe5 Rxf3 39.Re7 Kb6 40.a4 a6 
41.Rf7 d4 42.Kc4 dxc3 43.Re7 c2 44.Re1 a5 45.Rc1 
Rf2 46.Kc3 Re2 0-1

[Event "HCL-C4108"]
[Site "www.playchess.de"]
[Date "2006.03.13"]
[Round "18"]
[White "Skipper_Robert"]
[Black "aidogael"]
[WhiteElo "982"]
[BlackElo "1169"]
[PlyCount "132"]
[Result "1/2-1/2"]

1.e4 e5 2.Nf3 Nc6 3.Nc3 Bc5 4.d3 Nf6 5.h3 O-O 
6.Be2 d6 7.a3 Be6 8.Ng5 h6 9.Nxe6 fxe6 10.Qd2 d5 
11.Bg4 Nxg4 12.hxg4 d4 13.Na4 Bb6 14.b4 Qf6 15.g5 
hxg5 16.Qe2 Kf7 17.Bd2 Rfh8 18.O-O-O Rh6 19.g4 
Rah8 20.Rxh6 Rxh6 21.c3 dxc3 22.Bxc3 Bxf2 23.Rf1 
Rh2 24.b5 Ne7 25.Nb2 Be3+ 26.Kd1 Rxe2 27.Rxf6+ 
Kxf6 28.Kxe2 Bd4 29.Na4 Bxc3 30.Nxc3 c6 31.a4 cxb5 
32.Nxb5 a6 33.Nc7 Nc6 34.Ke3 Ke7 35.Na8 b5 36.axb5 
axb5 37.Kd2 Kd6 38.Kc1 Kc5 39.Nc7 Nd8 40.Kc2 Kc6 
41.Na6 Nf7 42.Kc3 Nh6 43.d4 exd4+ 44.Kxd4 Kd6 
45.Nc5 Nxg4 46.Nb7+ Ke7 47.e5 b4 48.Nc5 Nxe5 
49.Kxe5 g4 50.Kf4 Kd6 51.Nb3 e5+ 52.Kxg4 Kd5 
53.Kf3 e4+ 54.Ke3 Ke5 55.Nd2 Kd5 56.Nxe4 Kc4 
57.Kd2 b3 58.Nc3 g5 59.Nb1 g4 60.Ke1 Kd5 61.Kf1 
Ke5 62.Kg1 Kf4 63.Kg2 g3 64.Nd2 b2 65.Nb1 Kg4 
66.Nd2 Kh4 {(offering draw) This is a certain 
draw. Good defence. Well played. Thanks for the 
game}  1/2-1/2

[Event "HCL-C4192"]
[Site "www.playchess.de"]
[Date "2006.03.13"]
[Round "3"]
[White "Henri"]
[Black "Dereck"]
[WhiteElo "716"]
[BlackElo "1304"]
[PlyCount "30"]
[Result "0-1"]

1.e4 {Bonjour et Bonne partie}  e5 {merci}  2.Nf3 
d6 3.Bb5+ c6 4.Bc4 Bg4 5.Nc3 Nf6 6.O-O d5 7.exd5 
cxd5 8.Be2 e4 9.Nd4 Bxe2 10.Ndxe2 d4 11.Na4 d3 
12.cxd3 exd3 13.Nec3 Be7 14.b3 O-O 15.Bb2 
Nc6 0-1

[Event "HCL-M897"]
[Site "www.playchess.de"]
[Date "2006.03.13"]
[Round "20"]
[White "garethh"]
[Black "steinzell"]
[WhiteElo "1890"]
[BlackElo "1756"]
[PlyCount "35"]
[Result "1-0"]

1.e4 {Hello and good luck
}  c5 {good luck}  2.Nf3 e6 3.d4 cxd4 4.Nxd4 a6 
5.Bd3 g6 6.Nc3 Bg7 7.Be3 Ne7 8.Qd2 O-O 9.Nb3 d5 
10.O-O-O Nbc6 11.Bh6 dxe4 12.Bxg7 Kxg7 13.Bxe4 
Qxd2+ 14.Rxd2 f5 15.Bxc6 Nxc6 16.Re1 e5 17.Nc5 Rf7 
18.f3 1-0

[Event "HCL-E1551"]
[Site "www.playchess.de"]
[Date "2006.03.13"]
[Round "10"]
[White "Nobleman"]
[Black "Marius_sah"]
[WhiteElo "1251"]
[BlackElo "1683"]
[PlyCount "31"]
[Result "1-0"]

1.e4 e5 {Hi. Good luck!}  2.Nf3 Nc6 3.Nc3 g6 4.Bb5 
Bg7 5.Bxc6 bxc6 6.O-O d6 7.h3 Be6 8.d3 Nf6 9.Bg5 
O-O 10.a3 Rb8 11.b4 Qd7 12.Kh1 Nh5 13.Kh2 f6 
14.Be3 a6 15.Nd2 Nf4 16.Bxf4 1-0

[Event "HCL-B3881"]
[Site "www.playchess.de"]
[Date "2006.03.13"]
[Round "6"]
[White "RUDI"]
[Black "Iron_Flower"]
[WhiteElo "1234"]
[BlackElo "1238"]
[PlyCount "60"]
[Result "0-1"]

1.e4 e5 {Hi, from Leeuwarden, the Netherlands}  
2.Nc3 {hello from munich-neuried}  Nf6 3.Bc4 Nc6 
4.Nf3 d6 5.O-O Bg4 6.Be2 Be7 7.h3 Bh5 8.d4 exd4 
9.Nd5 Nxe4 10.Nxe7 Nxe7 11.Qxd4 Nf6 12.Bg5 Nc6 
13.Qe3+ Qe7 14.Qxe7+ Kxe7 15.g4 Bg6 16.c3 h6 
17.Rfe1 hxg5 18.Bd3+ Kd7 19.Bxg6 fxg6 20.Kg2 Rae8 
21.Nxg5 Ne5 22.b3 Nd3 23.Rxe8 Rxe8 24.Rd1 Nf4+ 
25.Kf1 Re5 26.Nf3 Re2 27.a3 Ra2 28.a4 Nxh3 29.Nd4 
Rxf2+ 30.Ke1 Nxg4 0-1

[Event "HCL-E1600"]
[Site "www.playchess.de"]
[Date "2006.03.13"]
[Round "2"]
[White "pawnstorm"]
[Black "yannick"]
[WhiteElo "1536"]
[BlackElo "1632"]
[PlyCount "68"]
[Result "1/2-1/2"]

1.e4 d6 2.d4 Nf6 3.Nc3 g6 4.f4 Bg7 5.Nf3 c5 6.dxc5 
Qa5 7.Bd3 Qxc5 8.Qe2 Bg4 9.Be3 Qa5 10.O-O-O Nfd7 
11.Bd2 O-O 12.h3 Bxf3 13.Qxf3 Bxc3 14.Bxc3 Qxa2 
15.f5 Nc6 16.Qf4 Nc5 17.f6 Nxd3+ 18.cxd3 Rfd8 
19.Qh6 exf6 20.Bxf6 Qa1+ 21.Kd2 Qa5+ 22.Ke2 Qh5+ 
23.Qxh5 gxh5 24.Rhf1 Rdc8 25.Rf5 Nd8 26.Rxh5 Ne6 
27.Rh4 Rc6 28.Rg4+ Kf8 29.Rh4 Kg8 30.Rg4+ Kf8 
31.Rh4 Kg8 32.Rg4+ {(offering draw)}  Kf8 {you 
w'll make draw by yourself}  33.Rh4 Kg8 34.Rg4+ 
Kf8 1/2-1/2

[Event "HCL-A2538"]
[Site "www.playchess.de"]
[Date "2006.03.13"]
[Round "5"]
[White "alvimrf"]
[Black "Nulnulnix"]
[WhiteElo "1784"]
[BlackElo "1326"]
[PlyCount "91"]
[Result "1/2-1/2"]

1.c4 e5 {Happy new year}  2.e4 Nf6 3.Nc3 Nc6 4.Nf3 
Bc5 5.a3 a5 6.b3 d6 7.Bb2 Nd4 8.Bd3 Bg4 9.Nd5 Bxf3 
10.gxf3 c6 11.Ne3 Nh5 12.Ng2 Qf6 13.Be2 O-O 14.Ra2 
Nf4 15.Nxf4 Qxf4 16.Bxd4 Bxd4 17.Bd3 b6 18.Qe2 
Rfe8 19.h3 h5 20.Rg1 Re6 21.Bc2 Rg6 22.Rxg6 fxg6 
23.Bd1 Qh2 24.Qf1 Rf8 25.b4 Rb8 26.Ba4 c5 27.bxc5 
bxc5 28.Ke2 Rb2 29.Rxb2 Bxb2 30.Be8 Qf4 31.Qb1 
Bxa3 32.Bxg6 Bb4 33.Qd3 Qf8 34.Qd5+ Kh8 35.Qe6 a4 
36.Bf5 a3 37.Qg6 Kg8 38.Qh7+ Kf7 39.Qxh5+ Ke7 
40.Qh4+ Qf6 41.Qh8 Qg5 42.Qc8 Qxd2+ 43.Kf1 a2 
44.Qe6+ Kf8 45.Qc8+ Kf7 46.Qe6+ {(offering draw)} 
 1/2-1/2

[Event "HCL-B3906"]
[Site "www.playchess.de"]
[Date "2006.03.13"]
[Round "5"]
[White "mattyboi"]
[Black "OTERO"]
[WhiteElo "864"]
[BlackElo "1601"]
[PlyCount "46"]
[Result "0-1"]

1.e4 e5 2.Nf3 Nc6 3.Bb5 f5 4.exf5 e4 5.Ng1 d5 6.d3 
Nf6 7.dxe4 dxe4 8.Qe2 Bd6 9.Nc3 Bxf5 10.f3 O-O 
11.Bc4+ Kh8 12.g4 exf3 13.Nxf3 Re8 14.Be3 Bc5 
15.Kf1 Bxe3 16.Rd1 Qc8 17.Ng5 Bg6 18.Rd3 Bxg5 
19.Qd1 Bxd3+ 20.cxd3 Nd4 21.h4 Nxg4 22.hxg5 Qf5+ 
23.Kg1 Qf2+ 0-1